Представление документа в формате RUSMARC

ПолеНазваниеЗначение
  Тип записи a
  Библиографический уровень a
001 Контрольный номер RU/CBS_UL/BASE/713962783
005 Дата корректировки 20240209175124.0
100 Данные общей обработки __
a Данные общей обработки 20220816d2022 ||| 0rusy0189 ca
101 Язык документа 0_
a Язык текста rus
102 Страна публикации __
a Страна публикации RU
105 Кодированные данные (монография) __
a Кодированные данные (монография) y###||||000|y
181 Поле кодированных данных: вид содержания _1
a Код вида содержания (ISBD) i#
b Код характеристики содержания (ISBD) #xxe##
d i
g x
h x
i e
182 Поле кодированных данных: тип средства _1
a Код типа средства (ISBD) n
2 Код системы (источник кода, отличный от ISBD) isbdmedia
200 Заглавие и сведения об ответственности 1_
a Заглавие Ё всё ещё берёт своё
b Общее обозначение материала Текст
e Сведения, относящиеся к заглавию [историки и литераторы причастные к созданию, первому использованию в печати и популяризации буквы Ё]
f Первые сведения об ответственности Н. Марянин
w Текст (визуальный) : непосредственный
203 Вид содержания и тип средства __
a Вид содержания Текст
b Характеристика содержания визуальный
c Тип средства непосредственный
333 Примечание о целевом назначении __
a Примечание о целевом назначении 12+
461 Уровень набора _0
1 2000
a Мономах
463 Уровень физической единицы _0
1 001RU/CBS_UL/BASE/713886118
1 2000
a № 4
v С. 60-63
1 210
d 2022
600 Персоналии _0
a Персоналии (Фамилия) Тредиаковский
b Персоналии (Имя, инициалы) В.
600 Персоналии _0
a Персоналии (Фамилия) Татищев
b Персоналии (Имя, инициалы) В.
600 Персоналии _0
a Персоналии (Фамилия) Адодуров
b Персоналии (Имя, инициалы) В.
600 Персоналии _0
a Персоналии (Фамилия) Дашкова
b Персоналии (Имя, инициалы) Е.
600 Персоналии _0
a Персоналии (Фамилия) Державин
b Персоналии (Имя, инициалы) Г.
600 Персоналии _0
a Персоналии (Фамилия) Дмитриев
b Персоналии (Имя, инициалы) И.
600 Персоналии _0
a Персоналии (Фамилия) Карамзин
b Персоналии (Имя, инициалы) Н.
600 Персоналии _0
a Персоналии (Фамилия) Даль
b Персоналии (Имя, инициалы) В.
600 Персоналии _0
a Персоналии (Фамилия) Луначарский
b Персоналии (Имя, инициалы) А.
600 Персоналии _0
a Персоналии (Фамилия) Потёмкин
b Персоналии (Имя, инициалы) В.
600 Персоналии _0
a Персоналии (Фамилия) Чумаков
b Персоналии (Имя, инициалы) В.
606 Тематические рубрики 0_
a Основная рубрика Буква Ё
610 Ключевые слова 0_
a Ключевые слова история буквы
610 Ключевые слова 0_
a Ключевые слова буквы
610 Ключевые слова 0_
a Ключевые слова буква Ё
610 Ключевые слова 0_
a Ключевые слова историки
610 Ключевые слова 0_
a Ключевые слова литераторы
610 Ключевые слова 0_
a Ключевые слова писатели
686 Индексы других классификаций __
a Классификационный индекс 81.2Рус
2 Код системы rubbk
700 Автор _1
a Фамилия Марянин
b Имя (инициалы) Н.
801 Источник записи _0
a Страна RU
b Организация МБУК ЦБС г. Ульяновска
c Дата составления 20220816
g Правила каталогизации RCR
801 Источник записи _1
a Страна RU
b Организация МБУК ЦБС г. Ульяновска
c Дата составления 20220816
g Правила каталогизации RCR
900 Электронные ресурсы __
a Имя электронного ресурса Марянин Ё всё ещё берёт своё
901 Тип документа __
t Тип документа b
w Контрольный № источника RU/CBS_UL/BASE/713886118
910 Корректоры записи __
a Корректор записи Нецеевский
938 Служебная информация __
a Имя БД kraeved